Adivina la ciudad más poblada de estos países - Estadísticas

Estadísticas generales
  • Esta prueba ha sido intentada 44 veces
    40 desde el último reinicio
  • La puntuación promedio es 9 de 15
Estadísticas de respuestas
País Ciudad % Correcto
Brasil São Paulo
97%
Australia Sidney
94%
Turquía Estambul
92%
China Shanghái
86%
Canadá Toronto
86%
Emiratos Árabes
Unidos
Dubái
83%
Suiza Zúrich
83%
Marruecos Casablanca
81%
Bélgica Amberes
53%
India Mumbai
39%
Pakistán Karachi
36%
Tanzania Dar es-salam
28%
Burundi Buyumbura
25%
Kazajistán Almaty
19%
Vietnam Saigón
17%
No se encontraron pruebas coincidentes
Distribución de puntuación
Porcentaje de gente con cada puntuación
Porcentaje por número respondido
Historial de tus puntuaciones
No has intentado esta prueba desde el último reinicio